[Event "Vienna Chess Open 2015 Group A"]
[Site "Grosser Festsaal im Wiener Rathaus, 1010 Wien"]
[Date "2015.08.17"]
[Round "3"]
[Board "5"]
[White "Dizdarevic, Emir"]
[Black "Sahidi, Samir"]
[Result "1-0"]
[WhiteElo "2540"]
[BlackElo "2315"]
[PlyCount "115"]
[EventDate "2015.08.15"]
[EventRounds "9"]
[EventCountry "AUT"]

1.Nf3 Nf6 2.c4 g6 3.g3 Bg7 4.Bg2 O-O 5.O-O c6 6.Qc2 d5 7.b3 Nfd7 8.d4 c5 9.cxd5 cxd4
10.Bb2 d3 11.exd3 Bxb2 12.Qxb2 Nf6 13.Nc3 Na6 14.Ng5 Nb4 15.Nge4 Nfxd5 16.Nxd5 Nxd5
17.Qd4 Nc7 18.Qe3 Nd5 19.Qh6 f6 20.Rac1 b6 21.Nc3 Bb7 22.Nxd5 Bxd5 23.Bxd5+ Qxd5 24.Rc7
Rfe8 25.Re1 Qd6 26.Qc1 Kf8 27.d4 Kf7 28.Qc4+ Kg7 29.d5 Rad8 30.Rxa7 Rc8 31.Qe2 Qxd5
32.Rxe7+ Rxe7 33.Qxe7+ Qf7 34.Qd6 Re8 35.Rxe8 Qxe8 36.Qxb6 Qe4 37.Qc7+ Kh8 38.Qc3
Qb1+ 39.Kg2 Qe4+ 40.Qf3 Qd4 41.a4 f5 42.a5 Qa7 43.b4 Qa6 44.Qc3+ Kg8 45.Qb3+ Kf8 46.Qd5
Ke7 47.Kg1 Qe2 48.Qb7+ Kf6 49.a6 h5 50.a7 h4 51.Qc6+ Kf7 52.Qd5+ Kg7 53.a8=Q Qe1+
54.Kg2 h3+ 55.Kxh3 Qf1+ 56.Qg2 Qe2 57.Qgb7+ Kf6 58.Qd8+ 1-0

[Event "Vienna Chess Open 2015 Group A"]
[Site "Grosser Festsaal im Wiener Rathaus, 1010 Wien"]
[Date "2015.08.17"]
[Round "3"]
[Board "6"]
[White "Weinzettl, Ernst"]
[Black "Antal, Gergely"]
[Result "0-1"]
[WhiteElo "2312"]
[BlackElo "2524"]
[PlyCount "78"]
[EventDate "2015.08.15"]
[EventRounds "9"]
[EventCountry "AUT"]

1.e4 c6 2.d4 d5 3.exd5 cxd5 4.c4 Nf6 5.Nc3 Nc6 6.cxd5 Nxd5 7.Bc4 Be6 8.Bb3 g6 9.Nf3
Bg7 10.O-O O-O 11.Bg5 h6 12.Be3 Rc8 13.Re1 Kh7 14.Ne4 Nxe3 15.fxe3 Bxb3 16.Qxb3 Na5
17.Qa4 f5 18.Nc5 Rf6 19.b4 b6 20.Nd7 Rd6 21.Nde5 Nc4 22.Nxc4 Rxc4 23.Rac1 Qc7 24.Rxc4
Qxc4 25.Qxa7 Re6 26.Qd7 Qxa2 27.h4 Re4 28.h5 Rg4 29.hxg6+ Kxg6 30.Qc6+ Kh7 31.Ne5
Bxe5 32.dxe5 Qd2 33.Kf1 Qxb4 34.Re2 Rc4 35.Qd5 Rc1+ 36.Kf2 Qh4+ 37.g3 Qh2+ 38.Qg2
Qxg2+ 39.Kxg2 Rc5 0-1

[Event "Vienna Chess Open 2015 Group A"]
[Site "Grosser Festsaal im Wiener Rathaus, 1010 Wien"]
[Date "2015.08.17"]
[Round "3"]
[Board "7"]
[White "Rambaldi, Francesco"]
[Black "Karst, Elmar"]
[Result "1-0"]
[WhiteElo "2517"]
[BlackElo "2294"]
[PlyCount "79"]
[EventDate "2015.08.15"]
[EventRounds "9"]
[EventCountry "AUT"]

1.Nf3 Nf6 2.g3 c5 3.Bg2 Nc6 4.c4 d6 5.d4 cxd4 6.Nxd4 Bd7 7.Nc3 g6 8.b3 Bg7 9.Bb2 O-O
10.O-O Rc8 11.e3 a6 12.Qe2 Qc7 13.Rac1 Qb8 14.Nxc6 Bxc6 15.Bxc6 Rxc6 16.e4 Rfc8 17.a4
b6 18.Rcd1 Rc5 19.f4 Ne8 20.Nd5 Qa7 21.Bxg7 Kxg7 22.f5 f6 23.Nf4 b5 24.Kh1 Qb7 25.Ne6+
Kf7 26.Nxc5 Rxc5 27.axb5 axb5 28.Rd5 b4 29.Rxc5 dxc5 30.Qd3 Nc7 31.Kg1 gxf5 32.exf5
Qc8 33.Qf3 Ne8 34.Qd5+ Kf8 35.Ra1 h5 36.Ra8 Qc7 37.Kg2 h4 38.Kh3 hxg3 39.hxg3 Qb6
40.Qd7 1-0

[Event "Vienna Chess Open 2015 Group A"]
[Site "Grosser Festsaal im Wiener Rathaus, 1010 Wien"]
[Date "2015.08.17"]
[Round "3"]
[Board "8"]
[White "Kurajica, Bojan"]
[Black "Rohacek, Miroslav"]
[Result "1-0"]
[WhiteElo "2513"]
[BlackElo "2294"]
[PlyCount "55"]
[EventDate "2015.08.15"]
[EventRounds "9"]
[EventCountry "AUT"]

1.Nf3 Nf6 2.c4 c6 3.e3 d5 4.Nc3 a6 5.h3 e6 6.g4 dxc4 7.a4 Qa5 8.g5 Nd5 9.Bxc4 b5 10.Be2
Nd7 11.Nxd5 cxd5 12.b3 Bd6 13.Bb2 O-O 14.axb5 Qb6 15.O-O e5 16.Qc2 e4 17.Qc3 f6 18.Nd4
Ne5 19.f4 Bxh3 20.fxe5 Bxf1 21.exd6 Bxe2 22.Qc6 Qxc6 23.bxc6 Bg4 24.Ra5 fxg5 25.Rxd5
h6 26.Ba3 Kf7 27.d7 Rfd8 28.Bc5 1-0

[Event "Vienna Chess Open 2015 Group A"]
[Site "Grosser Festsaal im Wiener Rathaus, 1010 Wien"]
[Date "2015.08.17"]
[Round "3"]
[Board "9"]
[White "Mihajlov, Sebastian"]
[Black "Tari, Aryan"]
[Result "1/2-1/2"]
[WhiteElo "2309"]
[BlackElo "2510"]
[PlyCount "40"]
[EventDate "2015.08.15"]
[EventRounds "9"]
[EventCountry "AUT"]

1.d4 Nf6 2.c4 e6 3.Nf3 d5 4.Nc3 Bb4 5.cxd5 exd5 6.Qa4+ Nc6 7.Bg5 h6 8.Bxf6 Qxf6 9.e3
O-O 10.Be2 Be6 11.a3 Bxc3+ 12.bxc3 a6 13.O-O Bd7 14.Qc2 Bf5 15.Qa2 Rad8 16.c4 dxc4
17.Qxc4 Be4 18.Nd2 Bd5 19.Qc2 Rfe8 20.Bf3 Bxf3 1/2-1/2

[Event "Vienna Chess Open 2015 Group A"]
[Site "Grosser Festsaal im Wiener Rathaus, 1010 Wien"]
[Date "2015.08.17"]
[Round "3"]
[Board "10"]
[White "Kindermann, Stefan"]
[Black "Menezes, Christoph"]
[Result "1-0"]
[WhiteElo "2507"]
[BlackElo "2291"]
[PlyCount "85"]
[EventDate "2015.08.15"]
[EventRounds "9"]
[EventCountry "AUT"]

1.e4 e5 2.Nf3 Nc6 3.Bc4 Bc5 4.O-O Nf6 5.d3 O-O 6.h3 a6 7.Bb3 h6 8.c3 Ba7 9.Re1 d6
10.Nbd2 Be6 11.Bc2 Ne7 12.Nf1 Ng6 13.Ng3 Re8 14.d4 b5 15.Be3 c5 16.Qd2 Qe7 17.b4 cxd4
18.cxd4 Rad8 19.Qc3 Rc8 20.Qb2 Rc7 21.Rad1 Rec8 22.Bb1 Qf8 23.Nf5 d5 24.dxe5 Nxe4
25.Bxa7 Rxa7 26.N5d4 Rc4 27.a3 Rac7 28.Bxe4 dxe4 29.Nd2 Rc3 30.Nxe4 R3c4 31.Nc5 Bc8
32.e6 Nf4 33.Nc6 Nxe6 34.Nxe6 Bxe6 35.Rd8 R7xc6 36.Rxf8+ Kxf8 37.Rd1 Kg8 38.Rd8+ Kh7
39.Qe5 Rc8 40.Rd6 Rc1+ 41.Kh2 R1c2 42.Qe4+ g6 43.Rxa6 1-0

[Event "Vienna Chess Open 2015 Group A"]
[Site "Grosser Festsaal im Wiener Rathaus, 1010 Wien"]
[Date "2015.08.17"]
[Round "3"]
[Board "11"]
[White "Sandhoefner, Florian"]
[Black "Arkell, Keith"]
[Result "0-1"]
[WhiteElo "2301"]
[BlackElo "2488"]
[PlyCount "108"]
[EventDate "2015.08.15"]
[EventRounds "9"]
[EventCountry "AUT"]

1.e4 c6 2.d4 d5 3.Nd2 dxe4 4.Nxe4 Nd7 5.Bc4 Ngf6 6.Ng5 e6 7.Qe2 Nb6 8.Bb3 h6 9.N5f3
a5 10.a4 c5 11.c3 Qc7 12.Be3 Bd6 13.dxc5 Bxc5 14.Bxc5 Qxc5 15.Nh3 Nbd5 16.O-O O-O
17.Ne5 b6 18.Rad1 Ba6 19.Bc4 Bb7 20.Rd4 Rad8 21.Rfd1 Qe7 22.f4 Nc7 23.Nf2 Rxd4 24.Rxd4
Rd8 25.Rxd8+ Qxd8 26.f5 Qd6 27.Nfd3 Be4 28.fxe6 Nxe6 29.Qe3 g5 30.h3 Kg7 31.Kf2 Bb7
32.Kg1 Ne4 33.Nf3 f6 34.Bxe6 Qxe6 35.Nf2 Nc5 36.Qxe6 Nxe6 37.Nd3 Be4 38.Nfe1 Nc5 39.Nxc5
bxc5 40.b3 f5 41.Kf2 Kf6 42.Ke3 Bd5 43.Nd3 c4 44.bxc4 Bxg2 45.h4 f4+ 46.Kf2 Bc6 47.hxg5+
hxg5 48.Nc5 g4 49.Nb3 g3+ 50.Kf1 f3 51.Nd4 Be4 52.Kg1 f2+ 53.Kf1 Bd3+ 54.Ne2 Bxc4 0-1

[Event "Vienna Chess Open 2015 Group A"]
[Site "Grosser Festsaal im Wiener Rathaus, 1010 Wien"]
[Date "2015.08.17"]
[Round "3"]
[Board "12"]
[White "Rombaldoni, Denis"]
[Black "Umudova, Nargiz"]
[Result "1-0"]
[WhiteElo "2467"]
[BlackElo "2289"]
[PlyCount "75"]
[EventDate "2015.08.15"]
[EventRounds "9"]
[EventCountry "AUT"]

1.Nf3 Nf6 2.g3 c5 3.b3 g6 4.Bb2 Bg7 5.Bg2 Nc6 6.O-O O-O 7.c4 d6 8.d4 cxd4 9.Nxd4 Bd7
10.Nc2 Qc8 11.Re1 Bh3 12.Bh1 h5 13.Nc3 Ng4 14.Qc1 Qf5 15.Ne4 h4 16.f3 Bh6 17.Qd1 Ne3
18.Qd2 Nxc2 19.Qxh6 f6 20.g4 Bxg4 21.fxg4 Qxg4+ 22.Kf2 Qf5+ 23.Bf3 Nxe1 24.Rxe1 Kf7
25.Qh7+ Ke6 26.Rg1 g5 27.Qxf5+ Kxf5 28.Nc3 Ke6 29.Nd5 Kd7 30.e4 Nd8 31.Ke3 Nc6 32.Bg4+
Kd8 33.c5 Ne5 34.cxd6 exd6 35.Bf5 a5 36.Bxe5 fxe5 37.Rxg5 a4 38.Rg7 1-0

[Event "Vienna Chess Open 2015 Group A"]
[Site "Grosser Festsaal im Wiener Rathaus, 1010 Wien"]
[Date "2015.08.17"]
[Round "3"]
[Board "13"]
[White "Moroni, Luca"]
[Black "Bressac, Stephane"]
[Result "0-1"]
[WhiteElo "2461"]
[BlackElo "2286"]
[PlyCount "62"]
[EventDate "2015.08.15"]
[EventRounds "9"]
[EventCountry "AUT"]

1.d4 Nf6 2.Nf3 g6 3.g3 Bg7 4.Bg2 O-O 5.O-O d6 6.Nc3 d5 7.Re1 c6 8.e4 dxe4 9.Nxe4 Nxe4
10.Rxe4 Be6 11.Re1 Bd5 12.c3 Nd7 13.Bg5 Re8 14.Qd2 Nf6 15.Qc2 Qa5 16.Bd2 Qb6 17.Be3
Be4 18.Qe2 Qa5 19.Bf4 Rad8 20.Be5 Bxf3 21.Qxf3 Nd7 22.Bxg7 Kxg7 23.a4 e5 24.b4 Qc7
25.d5 cxd5 26.Qxd5 b6 27.c4 Nb8 28.Qb7 Qxc4 29.Qxa7 Qxb4 30.Reb1 Qc5 31.Qxb6 Rd1+ 0-1

[Event "Vienna Chess Open 2015 Group A"]
[Site "Grosser Festsaal im Wiener Rathaus, 1010 Wien"]
[Date "2015.08.17"]
[Round "3"]
[Board "14"]
[White "Low, Zhen Yu Cyrus"]
[Black "Feuerstack, Aljoscha"]
[Result "0-1"]
[WhiteElo "2294"]
[BlackElo "2458"]
[PlyCount "104"]
[EventDate "2015.08.15"]
[EventRounds "9"]
[EventCountry "AUT"]

1.e4 c6 2.d4 d5 3.f3 e6 4.Nc3 Bb4 5.Nge2 Ne7 6.Qd3 b6 7.a3 Ba6 8.Qe3 Bd6 9.Bd2 Nd7
10.O-O-O Bxe2 11.Bxe2 b5 12.exd5 exd5 13.Kb1 Nb6 14.h4 a5 15.Na2 O-O 16.Bd3 b4 17.axb4
axb4 18.Bxb4 Nc4 19.Bxc4 dxc4 20.Bxd6 Qxd6 21.Qe5 Qd7 22.Nb4 Nd5 23.Nxd5 cxd5 24.Rhe1
Qa4 25.Kc1 Rfb8 26.Qd6 Qa1+ 27.Kd2 Qxb2 28.Rb1 Qxd4+ 29.Ke2 Rxb1 30.Rxb1 Re8+ 31.Kf1
Qxh4 32.Qd7 Qh1+ 33.Kf2 Qh4+ 34.Kf1 Rf8 35.Rb5 Qh1+ 36.Kf2 Qc1 37.Rxd5 Qxc2+ 38.Kg3
Qg6+ 39.Kf2 Qb6+ 40.Kg3 c3 41.Rd1 h6 42.Qf5 Qg6+ 43.Qxg6 fxg6 44.Rc1 Rc8 45.Rc2 Kf7
46.Kf4 Kf6 47.Ke4 g5 48.g3 h5 49.Ke3 Kf5 50.Kf2 h4 51.Kg2 Ke5 52.Kf2 Kd4 0-1

[Event "Vienna Chess Open 2015 Group A"]
[Site "Grosser Festsaal im Wiener Rathaus, 1010 Wien"]
[Date "2015.08.17"]
[Round "3"]
[Board "15"]
[White "Schreiner, Peter"]
[Black "Bonagura, Stefano"]
[Result "1-0"]
[WhiteElo "2439"]
[BlackElo "2285"]
[PlyCount "105"]
[EventDate "2015.08.15"]
[EventRounds "9"]
[EventCountry "AUT"]

1.d4 Nf6 2.c4 c5 3.d5 e5 4.Nc3 d6 5.e4 Nbd7 6.g3 g6 7.h4 Bg7 8.Be2 h5 9.Bg5 a6 10.a4
Qa5 11.Bd2 Bh6 12.f4 Qc7 13.Nh3 exf4 14.gxf4 Ng4 15.Qc2 Ndf6 16.O-O-O Bd7 17.Rdf1
O-O-O 18.Ng5 Rhf8 19.Kb1 Bg7 20.Ka2 Rde8 21.Bd3 b6 22.Rf3 Kb7 23.Rb1 Ka7 24.Be1 Re7
25.Bg3 Rfe8 26.Rbf1 Ng8 27.e5 dxe5 28.d6 Qxd6 29.Nxf7 Rxf7 30.fxe5 Bxe5 31.Ne4 Qc6
32.Rxf7 Ne3 33.Qd2 Nxf1 34.Bxf1 Qxa4+ 35.Kb1 Bd4 36.Nc3 Qc6 37.Bg2 Qe6 38.Qf4 Be5
39.Qxe5 Qxe5 40.Rxd7+ Kb8 41.Bxe5+ Rxe5 42.Rd8+ Kc7 43.Rxg8 b5 44.cxb5 axb5 45.Nxb5+
Kb6 46.Nc3 Ka5 47.Rxg6 Kb4 48.Bd5 c4 49.Rb6+ Kc5 50.Rc6+ Kb4 51.Rxc4+ Kb3 52.Rd4+
Rxd5 53.Rxd5 1-0

[Event "Vienna Chess Open 2015 Group A"]
[Site "Grosser Festsaal im Wiener Rathaus, 1010 Wien"]
[Date "2015.08.17"]
[Round "3"]
[Board "16"]
[White "De Francesco, Klaus"]
[Black "Monroy, Charles"]
[Result "1/2-1/2"]
[WhiteElo "2287"]
[BlackElo "2436"]
[PlyCount "204"]
[EventDate "2015.08.15"]
[EventRounds "9"]
[EventCountry "AUT"]

1.d4 Nf6 2.c4 g6 3.Nc3 Bg7 4.e4 d6 5.f4 O-O 6.Nf3 c5 7.d5 e6 8.Be2 exd5 9.cxd5 Bg4
10.O-O Nbd7 11.h3 Bxf3 12.Bxf3 a6 13.a4 Rb8 14.a5 b5 15.axb6 Rxb6 16.Qd3 Qc7 17.Be2
Re8 18.Re1 Qb8 19.Bf1 c4 20.Qxc4 Nc5 21.e5 Rb4 22.Qe2 Nh5 23.Qf2 Nb3 24.Rxa6 Nxc1
25.Rxc1 Rxf4 26.Qb6 Bxe5 27.Nb5 Qxb6+ 28.Rxb6 Bxb2 29.Rd1 Ng3 30.Rxd6 Rb8 31.Bd3 Ne4
32.Bxe4 Rxe4 33.Nc7 Bd4+ 34.Kh1 Be5 35.Rc6 Rb2 36.d6 Rd4 37.Rcc1 Rxd6 38.Rxd6 Bxd6
39.Nd5 Kg7 40.Kg1 h5 41.Kf1 Kh6 42.Ne3 Bf4 43.Rc2 Rb3 44.Nc4 Rd3 45.Ke2 Rd4 46.Nb2
f5 47.Rc4 Re4+ 48.Rxe4 fxe4 49.Nd1 Kg5 50.Nf2 Kf5 51.Nd1 Bg5 52.g3 Ke5 53.Nf2 Bd8
54.Nd1 Bc7 55.Nc3 Bb6 56.Nb1 Kd4 57.Nd2 Bc7 58.Nf1 Bd6 59.Kd2 Bf8 60.Ke2 Bh6 61.Nh2
Bg5 62.Nf1 Ke5 63.Nh2 Kf5 64.Nf1 h4 65.gxh4 Bxh4 66.Ne3+ Kf4 67.Nd5+ Ke5 68.Ne3 Bd8
69.Ng2 Bg5 70.Kf2 Kd5 71.Ke2 Kd4 72.Ne1 Kd5 73.Ng2 Ke5 74.Kf2 Kd4 75.Ke2 Bc1 76.Kd1
Bh6 77.Ke2 Ke5 78.Kf2 Bf4 79.Ke2 Bh2 80.Ke3 Bg1+ 81.Ke2 g5 82.Kf1 Bb6 83.Ke2 Ba7 84.Kd2
Bg1 85.Ke2 Kd4 86.Ne1 Ke5 87.Ng2 Kf5 88.Kf1 Bb6 89.Ke2 Kg6 90.Kd2 Kh6 91.Ke2 Kh5 92.Kd2
Kg6 93.Ke2 Kf5 94.Kd2 Ke5 95.Ke2 Bc5 96.Kd2 Kd5 97.Ke2 Kd4 98.h4 g4 99.Ne3 g3 100.Nf5+
Ke5 101.Nxg3 Kf4 102.Nxe4 Kxe4 1/2-1/2

[Event "Vienna Chess Open 2015 Group A"]
[Site "Grosser Festsaal im Wiener Rathaus, 1010 Wien"]
[Date "2015.08.17"]
[Round "3"]
[Board "17"]
[White "Groetz, Harald"]
[Black "Kilgus, Georg"]
[Result "1/2-1/2"]
[WhiteElo "2279"]
[BlackElo "2421"]
[PlyCount "47"]
[EventDate "2015.08.15"]
[EventRounds "9"]
[EventCountry "AUT"]

1.e4 d6 2.d4 Nf6 3.Nc3 g6 4.Nf3 Bg7 5.Be2 O-O 6.O-O a6 7.a4 Nc6 8.h3 e5 9.Be3 exd4
10.Nxd4 Re8 11.Nxc6 bxc6 12.Bf3 Nd7 13.Qd2 Rb8 14.Rab1 a5 15.Rfe1 Ba6 16.b3 Ne5 17.Be2
Bxe2 18.Nxe2 Rb4 19.f3 Qc8 20.Nd4 c5 21.Nb5 c4 22.Qd1 cxb3 23.cxb3 Qb8 24.Re2 1/2-1/2

[Event "Vienna Chess Open 2015 Group A"]
[Site "Grosser Festsaal im Wiener Rathaus, 1010 Wien"]
[Date "2015.08.17"]
[Round "3"]
[Board "18"]
[White "Huber, Martin Christian"]
[Black "Holm, Kristian Stuvik"]
[Result "1/2-1/2"]
[WhiteElo "2276"]
[BlackElo "2418"]
[PlyCount "44"]
[EventDate "2015.08.15"]
[EventRounds "9"]
[EventCountry "AUT"]

1.Nf3 Nf6 2.c4 e6 3.g3 d5 4.Bg2 Be7 5.O-O O-O 6.d4 c6 7.Qc2 b6 8.Nbd2 Nbd7 9.e4 dxe4
10.Nxe4 Nxe4 11.Qxe4 Bb7 12.Rd1 Qc8 13.Bf4 c5 14.d5 Re8 15.Qc2 exd5 16.cxd5 Bf6 17.a4
Nf8 18.Nd2 Ng6 19.Be3 Qd7 20.Ne4 Be5 21.f4 Bd6 22.Bf2 Rad8 1/2-1/2

[Event "Vienna Chess Open 2015 Group A"]
[Site "Grosser Festsaal im Wiener Rathaus, 1010 Wien"]
[Date "2015.08.17"]
[Round "3"]
[Board "19"]
[White "Certek, Pavel"]
[Black "Hauge, Lars Oskar"]
[Result "1-0"]
[WhiteElo "2260"]
[BlackElo "2411"]
[PlyCount "109"]
[EventDate "2015.08.15"]
[EventRounds "9"]
[EventCountry "AUT"]

1.Nf3 Nf6 2.c4 g6 3.Nc3 Bg7 4.g3 O-O 5.Bg2 d6 6.O-O c5 7.d4 Nc6 8.dxc5 dxc5 9.Be3
b6 10.Qc1 Bb7 11.Rd1 Qc8 12.Bh6 Rd8 13.Bxg7 Kxg7 14.Nd5 Ne8 15.b3 e5 16.Qb2 f6 17.a3
Nd4 18.Ne1 Rb8 19.e3 Nf5 20.Rd2 Nfd6 21.Rad1 b5 22.cxb5 Bxd5 23.Rxd5 Rxb5 24.a4 Rb6
25.Qc2 Qb8 26.Bf1 Rc8 27.Bc4 Qc7 28.a5 Rbb8 29.Ba6 Rd8 30.Rxc5 Qe7 31.Rc1 Qf7 32.Rc3
Rd7 33.Nd3 Nb5 34.Nc5 Re7 35.Rd3 Nec7 36.b4 h5 37.h4 Rbe8 38.Bb7 g5 39.Bc6 Rh8 40.Rcd1
gxh4 41.Rd7 Rhe8 42.gxh4 Kh6 43.Kh1 Rxd7 44.Rxd7 Re7 45.Rxe7 Qxe7 46.Qf5 Qf7 47.Ne4
Kg7 48.Ng3 Kh6 49.Bf3 Nd6 50.Qd3 Ncb5 51.Bxh5 Qg8 52.Bf3 Qc8 53.Kh2 f5 54.Qd5 Qe8
55.Be2 1-0

[Event "Vienna Chess Open 2015 Group A"]
[Site "Grosser Festsaal im Wiener Rathaus, 1010 Wien"]
[Date "2015.08.17"]
[Round "3"]
[Board "20"]
[White "Haasler, Andreas"]
[Black "Soors, Stef"]
[Result "0-1"]
[WhiteElo "2258"]
[BlackElo "2407"]
[PlyCount "56"]
[EventDate "2015.08.15"]
[EventRounds "9"]
[EventCountry "AUT"]

1.Nf3 Nf6 2.g3 b6 3.Bg2 Bb7 4.O-O c5 5.c4 g6 6.Nc3 Bg7 7.d4 cxd4 8.Qxd4 d6 9.Rd1 Nbd7
10.Be3 Rc8 11.Rac1 O-O 12.Qh4 a6 13.b3 Re8 14.g4 b5 15.cxb5 Nxg4 16.Qxg4 Rxc3 17.Rxc3
Bxc3 18.Bd4 Nf6 19.Qg5 Bxd4 20.Rxd4 Qb6 21.Rh4 axb5 22.Qh6 Qc6 23.e4 Rc8 24.Ng5 Qc1+
25.Bf1 Rc5 26.e5 Rxe5 27.Nxf7 Qc6 28.f4 Qc5# 0-1

[Event "Vienna Chess Open 2015 Group A"]
[Site "Grosser Festsaal im Wiener Rathaus, 1010 Wien"]
[Date "2015.08.17"]
[Round "3"]
[Board "21"]
[White "Carow, Johannes"]
[Black "Haugli, Petter"]
[Result "1-0"]
[WhiteElo "2407"]
[BlackElo "2247"]
[PlyCount "47"]
[EventDate "2015.08.15"]
[EventRounds "9"]
[EventCountry "AUT"]

1.c4 Nf6 2.Nc3 g6 3.d4 Bg7 4.e4 d6 5.f3 O-O 6.Be3 Nc6 7.Nge2 a6 8.Qd2 Rb8 9.Rc1 Nd7
10.g3 Na7 11.Bg2 c5 12.O-O cxd4 13.Nxd4 Nc6 14.Rfd1 Nde5 15.b3 Bd7 16.Kh1 b5 17.cxb5
Nxd4 18.Bxd4 axb5 19.f4 Nc6 20.Bxg7 Kxg7 21.e5 Be8 22.Qb2 f6 23.exd6 exd6 24.Ne4 1-0

[Event "Vienna Chess Open 2015 Group A"]
[Site "Grosser Festsaal im Wiener Rathaus, 1010 Wien"]
[Date "2015.08.17"]
[Round "3"]
[Board "22"]
[White "Ott, Florian"]
[Black "Zeller, Frank"]
[Result "1-0"]
[WhiteElo "2254"]
[BlackElo "2402"]
[PlyCount "39"]
[EventDate "2015.08.15"]
[EventRounds "9"]
[EventCountry "AUT"]

1.d4 Nf6 2.c4 e6 3.Nc3 Bb4 4.e3 O-O 5.Nge2 Re8 6.a3 Bf8 7.Ng3 d5 8.Be2 c5 9.dxc5 Bxc5
10.b4 Bf8 11.O-O Nc6 12.Bb2 a5 13.b5 Ne5 14.Nce4 Nxe4 15.Bxe5 Nc5 16.Bb2 dxc4 17.Qc2
Nd3 18.Rfd1 Qb6 19.Bd4 Bc5 20.Bxd3 1-0

[Event "Vienna Chess Open 2015 Group A"]
[Site "Grosser Festsaal im Wiener Rathaus, 1010 Wien"]
[Date "2015.08.17"]
[Round "3"]
[Board "23"]
[White "Schwarhofer, Christopher"]
[Black "Haria, Ravi"]
[Result "1/2-1/2"]
[WhiteElo "2391"]
[BlackElo "2243"]
[PlyCount "65"]
[EventDate "2015.08.15"]
[EventRounds "9"]
[EventCountry "AUT"]

1.e4 e6 2.d4 d5 3.Nc3 Bb4 4.e5 Ne7 5.a3 Bxc3+ 6.bxc3 c5 7.h4 Qa5 8.Bd2 Nbc6 9.Nf3
h6 10.h5 Bd7 11.Qb1 Qc7 12.Bd3 Nf5 13.Bxf5 exf5 14.Bf4 O-O-O 15.O-O g5 16.hxg6 fxg6
17.Bh2 Be6 18.dxc5 d4 19.Rd1 dxc3 20.Rd6 Rhe8 21.Qe1 Qa5 22.Qe3 g5 23.Nd4 Qxc5 24.Nxc6
Qxe3 25.fxe3 Rxd6 26.Nxa7+ Kb8 27.exd6 Kxa7 28.Be5 Ka6 29.Kf2 Bd7 30.Bd4 Re6 31.Bc5
Re5 32.Bb4 Rd5 33.Bxc3 1/2-1/2

[Event "Vienna Chess Open 2015 Group A"]
[Site "Grosser Festsaal im Wiener Rathaus, 1010 Wien"]
[Date "2015.08.17"]
[Round "3"]
[Board "24"]
[White "Kniest, Oliver"]
[Black "Danner, Georg"]
[Result "0-1"]
[WhiteElo "2252"]
[BlackElo "2385"]
[PlyCount "144"]
[EventDate "2015.08.15"]
[EventRounds "9"]
[EventCountry "AUT"]

1.d4 Nf6 2.c4 e6 3.Nc3 Bb4 4.Qc2 d6 5.Bg5 Nbd7 6.e3 h6 7.Bh4 g5 8.Bg3 Bxc3+ 9.Qxc3
Ne4 10.Qc2 f5 11.Bd3 Ndf6 12.f3 Nxg3 13.hxg3 Qe7 14.Ne2 Bd7 15.e4 fxe4 16.Bxe4 O-O-O
17.O-O-O e5 18.Bf5 h5 19.Rde1 Bxf5 20.Qxf5+ Nd7 21.Nc3 Rdf8 22.Qg6 Qf7 23.Qxf7 Rxf7
24.d5 Nc5 25.Kd2 a5 26.Ne4 Nxe4+ 27.Rxe4 Kd7 28.Ke3 c6 29.dxc6+ Kxc6 30.Rd1 b6 31.b3
Rf6 32.a3 Rfh6 33.Rh1 Rb8 34.Rc1 Ra8 35.Kd3 Rf8 36.Ke3 Rf7 37.Ke2 Rhf6 38.Rh1 g4 39.Re3
Rf5 40.b4 axb4 41.axb4 Ra7 42.Rd1 Ra4 43.b5+ Kd7 44.fxg4 hxg4 45.Re4 Rg5 46.Rd2 Ke6
47.Kf2 Rg6 48.Rc2 Ra1 49.Re1 Rf6+ 50.Ke2 Ra3 51.Rg1 Rxg3 52.Ra2 Rb3 53.Rf1 Rxf1 54.Kxf1
Rc3 55.Ra4 Rc2 56.g3 Kf5 57.Kg1 e4 58.Kf1 Ke5 59.Ra6 Rxc4 60.Rxb6 Rb4 61.Rb8 Kd5 62.b6
Kc6 63.Rg8 Rxb6 64.Rxg4 Kd5 65.Rg8 Kd4 66.Ra8 d5 67.Ra2 Rb3 68.Kg2 Ke3 69.g4 Kf4 70.Rd2
Rg3+ 71.Kh2 Rd3 72.Rg2 Kg5 0-1

[Event "Vienna Chess Open 2015 Group A"]
[Site "Grosser Festsaal im Wiener Rathaus, 1010 Wien"]
[Date "2015.08.17"]
[Round "3"]
[Board "25"]
[White "Ranits, Franz"]
[Black "Beshukov, Sergey"]
[Result "1/2-1/2"]
[WhiteElo "2245"]
[BlackElo "2382"]
[PlyCount "109"]
[EventDate "2015.08.15"]
[EventRounds "9"]
[EventCountry "AUT"]

1.e4 c5 2.c3 Qa5 3.Nf3 g6 4.Be2 Bg7 5.O-O d6 6.d4 Nf6 7.Nbd2 O-O 8.Re1 Rd8 9.Bd3 Nh5
10.h3 Nc6 11.Nc4 Qc7 12.d5 Ne5 13.Nfxe5 dxe5 14.Be2 Nf6 15.Bf3 Ne8 16.Bg5 f6 17.Bh4
e6 18.Ne3 Kh8 19.g4 Qf7 20.Qc2 exd5 21.Nxd5 Be6 22.c4 Bxd5 23.cxd5 Rac8 24.Bg2 Bh6
25.Qc3 Bf4 26.Bf1 Nd6 27.a4 Qg7 28.f3 Rf8 29.Bf2 h5 30.Bg2 Qh6 31.Re2 b6 32.b3 hxg4
33.hxg4 Rf7 34.Kf1 Rh7 35.Be3 Bxe3 36.Qxe3 Qxe3 37.Rxe3 c4 38.Rc1 Rhc7 39.Ke1 cxb3
40.Rxc7 Rxc7 41.Rxb3 Rc1+ 42.Kf2 Rc2+ 43.Kg3 Kg7 44.Bf1 g5 45.Bb5 Kf8 46.Rb1 Rc5 47.Rh1
Kg7 48.Bd7 Rc2 49.Rb1 Kf8 50.Bb5 Nb7 51.Rh1 Kg7 52.Rd1 Nd6 53.Rb1 Nf7 54.Rd1 Nd6 55.Rb1 1/2-1/2

[Event "Vienna Chess Open 2015 Group A"]
[Site "Grosser Festsaal im Wiener Rathaus, 1010 Wien"]
[Date "2015.08.17"]
[Round "3"]
[Board "26"]
[White "Maier, Christian"]
[Black "Mitchell, Martin"]
[Result "1-0"]
[WhiteElo "2382"]
[BlackElo "2187"]
[PlyCount "77"]
[EventDate "2015.08.15"]
[EventRounds "9"]
[EventCountry "AUT"]

1.d4 Nf6 2.Nf3 e6 3.Bg5 c5 4.e3 Be7 5.Nbd2 cxd4 6.exd4 b6 7.c3 Bb7 8.Bd3 O-O 9.O-O
d6 10.Re1 Nbd7 11.Qe2 Re8 12.Nc4 Nf8 13.a4 Nd5 14.Qd2 Ng6 15.Bxe7 Qxe7 16.Bf1 Ndf4
17.Qe3 Qc7 18.Ncd2 a6 19.c4 e5 20.g3 Ne6 21.d5 Nef8 22.a5 bxa5 23.Nb3 f5 24.Nxa5 f4
25.Qc3 Nd7 26.Ng5 Ndf8 27.Bd3 fxg3 28.hxg3 Bc8 29.b4 Qd8 30.Qd2 Ne7 31.c5 h6 32.Ne4
Nf5 33.Nc6 Qc7 34.Rac1 dxc5 35.Rxc5 Qd7 36.Qb2 Ng6 37.Qc3 Kh8 38.Nd2 Nd4 39.Bxg6 1-0

[Event "Vienna Chess Open 2015 Group A"]
[Site "Grosser Festsaal im Wiener Rathaus, 1010 Wien"]
[Date "2015.08.17"]
[Round "3"]
[Board "27"]
[White "Lahtela, Silvo"]
[Black "Bilguun, Sumiya"]
[Result "1/2-1/2"]
[WhiteElo "2236"]
[BlackElo "2376"]
[PlyCount "114"]
[EventDate "2015.08.15"]
[EventRounds "9"]
[EventCountry "AUT"]

1.d4 d5 2.c4 e6 3.Nc3 c6 4.Nf3 dxc4 5.a4 Bb4 6.e3 b5 7.Bd2 a5 8.axb5 Bxc3 9.Bxc3 cxb5
10.b3 Bb7 11.bxc4 b4 12.Bb2 Nf6 13.c5 O-O 14.Bb5 Qc7 15.O-O Bd5 16.Qe2 Nbd7 17.Rfc1
Bc6 18.Ra4 Bxb5 19.Qxb5 Rfb8 20.Qe2 Nd5 21.Rca1 Ne7 22.Nd2 Nc6 23.Nb3 Rd8 24.e4 Nf8
25.Qc4 Qf4 26.Qe2 Qc7 27.f3 Ng6 28.Qc4 Nge7 29.Bc1 h6 30.Be3 Rd7 31.Bf2 Qd8 32.Rd1
Ng6 33.Qb5 Nge7 34.Qc4 Ng6 35.Rd2 Qg5 36.Bg3 Qe3+ 37.Bf2 Qg5 38.Bg3 Rad8 39.Bd6 Qe3+
40.Kf1 Rxd6 41.cxd6 Rxd6 42.Qd3 Qxd3+ 43.Rxd3 Nge5 44.Rd1 Nc4 45.Rc1 Nb6 46.e5 Rd7
47.Raa1 Nxd4 48.Nxd4 Rxd4 49.Rxa5 b3 50.Rb5 Nc4 51.Rxc4 Rxc4 52.Rxb3 g5 53.Re3 Kg7
54.g4 h5 55.h3 Ra4 56.Kf2 hxg4 57.hxg4 Rb4 1/2-1/2

[Event "Vienna Chess Open 2015 Group A"]
[Site "Grosser Festsaal im Wiener Rathaus, 1010 Wien"]
[Date "2015.08.17"]
[Round "3"]
[Board "28"]
[White "Gevorgyan, Irina"]
[Black "Abdumalik, Zhansaya"]
[Result "1/2-1/2"]
[WhiteElo "2206"]
[BlackElo "2371"]
[PlyCount "84"]
[EventDate "2015.08.15"]
[EventRounds "9"]
[EventCountry "AUT"]

1.Nf3 Nf6 2.c4 c5 3.Nc3 Nc6 4.g3 d5 5.d4 e6 6.cxd5 Nxd5 7.Bg2 cxd4 8.Nxd4 Nxc3 9.bxc3
Nxd4 10.Qxd4 Qxd4 11.cxd4 Bd6 12.O-O Rb8 13.Rb1 O-O 14.Bf4 Bxf4 15.gxf4 Rd8 16.e3
Kf8 17.Rfc1 Ke7 18.Bc6 b6 19.Ba4 Rb7 20.Bb5 Kf6 21.f3 Re7 22.Bc6 Bb7 23.Kf2 Bxc6 24.Rxc6
Rd5 25.Rb2 Red7 26.a4 Ke7 27.Rbc2 Rh5 28.Kg3 f6 29.Rc8 Ra5 30.R2c4 Rad5 31.Ra8 Kf7
32.Rac8 h6 33.Ra8 e5 34.fxe5 fxe5 35.dxe5 Rxe5 36.e4 Rg5+ 37.Kf4 Rg2 38.h4 Kg6 39.e5
Re2 40.Re8 Kf7 41.Rec8 Ke6 42.R4c6+ Kd5 1/2-1/2